World's Top 25 Most Visited Cities (2014, international visitors) - Statistics

General Stats
  • This quiz has been taken 640 times
  • The average score is 13 of 25
Answer Stats
Rank Answer Number of International Visitors % Correct
8 New York City 12.23 million
98%
5 Paris 14.98 million
98%
2 London 17.38 million
97%
14 Rome 8.78 million
91%
25 Tokyo 5.99 million
89%
1 Hong Kong 27.77 million
74%
20 Shanghai 6.4 million
74%
4 Bangkok 16.25 million
69%
3 Singapore 17.09 million
69%
12 Dubai 11.39 million
66%
9 Istanbul 11.87 million
66%
18 Miami 7.26 million
61%
13 Seoul 9.39 million
61%
24 Milan 6.05 million
56%
10 Kuala Lumpur 11.63 million
43%
21 Prague 6.35 million
38%
15 Taipei 8.6 million
37%
22 Las Vegas 6.13 million
36%
23 Mecca 6.12 million
34%
16 Guangzhou 8.2 million
29%
6 Macau 14.97 million
18%
7 Shenzhen 13.1 million
14%
17 Phuket 8.1 million
11%
11 Antalya 11.5 million
8%
19 Pattaya 6.43 million
5%
No matching quizzes found
Score Distribution
Percent of People with Each Score
Percentile by Number Answered
Your Score History
You have not taken this quiz